| 000 | 00552nam a2200205 a 4500 | ||
|---|---|---|---|
| 005 | 20240924071123.0 | ||
| 008 | 021107s2000 mx r 000 0 spa d | ||
| 020 | _a9681906519 | ||
| 035 | _aUPN01000120807 | ||
| 049 | _aCG | ||
| 050 | 4 |
_aPQ6623 A8.5 _bC6 |
|
| 100 | 1 |
_aMarías Franco, Javier, _d1951- _929128 |
|
| 245 | 1 | 0 |
_aCorazón tan blanco / _cJavier Marías. |
| 260 |
_aMéxico : _bAlfaguara, _c2000. |
||
| 300 | _a377 p. | ||
| 650 | 4 |
_aNovela española _910814 |
|
| 650 | 4 |
_aLiteratura española _95069 |
|
| 902 | _aMCM/cav | ||
| 905 | _aLibro | ||
| 999 |
_c93141 _d93141 |
||